000 00465nam a22001577a 4500
005 20251108164239.0
008 250721s1985 xx 000 0 ara d
082 1 4 _a792/حجل
100 1 _aأبو حجله، أميره
245 1 0 _aفي مسرح الكبار و الصغار /
264 1 _aعمان :
_bالدار العربيه للنشر و التوزيع،
_c1985.
300 _a119ص : مص
650 1 7 _aالمسرح
942 _2ddc
_cBK
999 _c7389
_d7389